| 000 | 00623nam a2200229 a 4500 | ||
|---|---|---|---|
| 001 | 14200 | ||
| 003 | BD-JhCC | ||
| 005 | 20250212163551.0 | ||
| 008 | 250209b2020 e a|||| ||a| 000 0 eng d | ||
| 020 | _a9781544514215 | ||
| 035 | _a(BD-JhCC)14200 | ||
| 040 |
_aBD-JhCC _dBD-JhCC |
||
| 041 | _aenglish | ||
| 082 |
_a158.1 _bJOR 2020 |
||
| 100 | _a Jorgenson,Eric | ||
| 245 |
_a The almanack of Naval Ravikant : _bA guide to wealth and happiness / _cEric Jorgenson . |
||
| 260 |
_a New York: _bMagrathea Publishing; _c2020. |
||
| 300 |
_a240 p . _c21 cm. |
||
| 650 | _aAchievement | ||
| 942 |
_2ddc _cBK |
||
| 999 |
_c14200 _d14200 |
||